00463nam a2200145Ia 4500008004100000040001900041041001200060082001900072245009100091260004200182300001800224440002300242650003400265850001800299131103s9999 xx 000 0 und d aLoreto College aEnglish a825/BURbLCLIB 4aThe Works of the right honourable Edmund BurkecWith an introduction by Frank H. Wills aLondonbOxford University Pressc1797 aV.3 c 12c.m. aThe World Classics aEnglish literaturen - speachs aLCLIB/825/BUR